| 000 | 01529cam a22003014a 4500 | ||
|---|---|---|---|
| 005 | 20260322212010.0 | ||
| 008 | data | ||
| 010 | _a 2004024966 | ||
| 020 | _a1843107961 (pbk.) | ||
| 020 | _a9781843107965 | ||
| 040 |
_aDLC _cDLC _dDLC _dBAKER _dDLC |
||
| 042 | _apcc | ||
| 050 | 0 | 0 |
_aRJ506.A9 _bC75 2005 |
| 082 | 0 | 0 |
_a649/.154 _222 |
| 100 | 1 |
_aCrissey, Pat, _d1946- |
|
| 245 | 1 | 0 |
_aPersonal hygiene? What's that got to do with me? / _cPat Crissey & Noah Crissey. |
| 260 |
_aPhiladelphia : _aPhiladelphia : _bJessica Kingsley, _c2005. |
||
| 300 |
_a94 p. : _bill. ; _c25 cm. |
||
| 505 | 0 | _aIntroduction: what is personal hygiene? -- Looking clean, smelling clean -- Changing bad hair days into good hair days -- Clean teeth, great smiles -- Taming dragon breath -- Having a hand people want to shake -- There's hair everywhere! -- Putting your best foot forward -- Face up to teenage skin -- Good bathroom hygiene. | |
| 650 | 0 |
_aAutistic children _xHealth and hygiene _vJuvenile literature. |
|
| 650 | 0 |
_aAsperger's syndrome _xHealth and hygiene _xHealth and hygiene _vJuvenile literature. |
|
| 700 | 1 | _aCrissey, Noah. | |
| 856 | 4 | 1 |
_3Table of contents _uhttp://www.loc.gov/catdir/toc/ecip052/2004024966.html |
| 906 |
_a7 _bcbc _corignew _d1 _eecip _f20 _gy-gencatlg |
||
| 925 | 0 |
_aacquire _b1 shelf copy _xpolicy default |
|
| 955 |
_ejc03 2004-10-21 to Dewey _fjb17 2006-03-16 Z-CipVer _gjb17 2006-03-16 to BCCD |
||
| 001 | data | ||
| 999 |
_c191 _d191 |
||